Grey's anatomy - Statistiques

Statistiques générales
  • Ce quiz a été pris 438 fois
  • Le résultat moyen est 4 sur 20
Statistiques - réponses
Hint Réponse % Correct
Miranda Bailey 01X01
100%
Addison Montgomery 01X09
40%
Lexie Grey 03X24
30%
Jackson Avery 06X05
23%
Jo Wilson 09X01
23%
April Kepner 06X05
22%
Zola Grey-Shepherd 07X20
15%
Marc Sloan 02X18
14%
Callie Torres 02X19
13%
Denny Duckette 02X13
10%
Amelia Shepherd 07X03
10%
Owen Hunt 05X01
9%
Arizona Robbins 05X11
9%
Maggie Pierce 10X23
8%
Adèle Webber 02X02
5%
Ben Warren 06X13
5%
Andrew Delucca 11X23
5%
Teddy Altman 06X09
4%
Nathan Riggs 12X06
4%
Catherine Avery 08X17
3%
Aucun quiz correspondant
Distribution des résultats
% des personnes avec chaque résultat
Percentile par nombre de réponses
Votre historique - résultats
Vous n’avez pas pris ce quiz